Building and using dynamic interest rate models /

Bibliographic Details
Main Author: Kortanek, K. O., 1936-
Other Authors: Medvedev, Vladimir G.
Format: Book
Language:English
Published: Chichester ; New York : John Wiley & Sons, [2001]
Series:Wiley finance series.
Subjects:

MARC

Tag First Indicator Second Indicator Subfields
LEADER 00000pam a22000004a 4500
001 in00001663224
005 20160226120238.0
008 010517s2001 enka b 001 0 eng
010 |a  2001039014 
020 |a 0471495956 (alk. paper) 
035 |a (OCoLC)ocm47049913 
040 |a DLC  |c DLC  |d TXA  |d UtOrBLW 
042 |a pcc 
049 |a TXAM 
050 0 0 |a HB539  |b .K67 2001 
082 0 0 |a 332.8/2/015118  |2 21 
100 1 |a Kortanek, K. O.,  |d 1936- 
245 1 0 |a Building and using dynamic interest rate models /  |c Ken Kortanek and Vladimir Medvedev. 
264 1 |a Chichester ;  |a New York :  |b John Wiley & Sons,  |c [2001] 
264 4 |c ©2001 
300 |a xx, 215 pages :  |b illustrations ;  |c 25 cm. 
336 |a text  |b txt  |2 rdacontent 
337 |a unmediated  |b n  |2 rdamedia 
338 |a volume  |b nc  |2 rdacarrier 
490 1 |a Wiley finance series 
504 |a Includes bibliographical references and index. 
650 0 |a Interest rates  |x Mathematical models. 
700 1 |a Medvedev, Vladimir G. 
830 0 |a Wiley finance series. 
948 |a cataloged  |b h  |c 2002/2/27  |d c  |e dmitchel  |f 8:34:32 am 
994 |a E0  |b TXA 
999 |a MARS 
999 f f |s 2cc89329-4342-3adb-a683-dd31f2d455cc  |i eff80aca-5982-3b9b-b6eb-45809a2e1fb3  |t 0 
952 f f |p ric  |a Texas A&M University  |b Rellis Campus  |c Joint Library Facility  |d Remote Storage  |t 0  |e HB539 .K67 2001  |h Library of Congress classification  |i unmediated -- volume  |m A14828473046 
998 f f |a HB539 .K67 2001  |t 0  |l Remote Storage